Spirits of the place (Record no. 87052)
[ view plain ]
| 000 -LEADER | |
|---|---|
| fixed length control field | 01822nam a2200361 a 4500 |
| 082 04 - DEWEY DECIMAL CLASSIFICATION NUMBER | |
| Classification number | 294.3/35 |
| 100 1# - MAIN ENTRY--AUTHOR NAME | |
| Personal name | Holt, John, |
| 245 10 - TITLE STATEMENT | |
| Title | Spirits of the place |
| 260 ## - PUBLICATION, DISTRIBUTION, ETC. (IMPRINT) | |
| Place of publication | Honolulu : |
| Name of publisher | University of Hawai'i Press, |
| Year of publication | c2009. |
| 300 ## - PHYSICAL DESCRIPTION | |
| Number of Pages | xiii, 348 p. : |
| Other physical details | ill. (some col.), maps. |
| 505 0# - FORMATTED CONTENTS NOTE | |
| Formatted contents note | Powers of the place : Buddhism and the spirit cults of Muang Lao -- Interventions from afar: nonspiritual powers in place -- Questions of place: religious culture in a post-revolutionary space -- Commodities of the place: ritual expressions and the marketing of religious culture -- The spirit(s) of the place: Buddhists and contemporary Lao religion reconsidered -- App. 1. Transformations of the Ramayana -- App. 2. The cult of Khwan. |
| 650 #0 - SUBJECT ADDED ENTRY--TOPICAL TERM | |
| Topical Term | Buddhism |
| Topical Term | Spirits |
| Topical Term | Religion and sociology |
| 856 40 - ELECTRONIC LOCATION AND ACCESS | |
| Uniform Resource Identifier | http://site.ebrary.com/lib/rucke/Doc?id=10412265 |
No items available.
